| 000 | 00893nam a22002055i 4500 | ||
|---|---|---|---|
| 001 | 160569 | ||
| 003 | ES-MaACL | ||
| 005 | 20240524063007.0 | ||
| 008 | 990726s1844 sp |||| | spa d | ||
| 040 |
_aCCPB | B _bspa _cCCPB | B |
||
| 100 | 0 |
_aNavarro Villoslada, Francisco, _d1818-1895 _985180 |
|
| 245 | 1 | 3 |
_aLa prensa libre _b: comedia original en tres actos y en verso / _cde Francisco Navarro Villoslada. |
| 260 |
_aMadrid : _b[Manuel Delgado], _c1844 ( _fImprenta de José Repullés) |
||
| 300 |
_a83 p. ; _c19 cm. |
||
| 490 | 1 | _aGalería dramática | |
| 596 | _aNombre del ed. y serie tomados de la cub. | ||
| 830 | 0 |
_aGalería dramática _9186796 |
|
| 852 |
_aES-MaACL _jF-8620(6) _z-- Enc. pasta española _q-- Falto de la cub. original _z-- Enc. en un vol. facticio formando parte de la col. facticia "Teatro español moderno", vol. 75 |
||
| 999 |
_c160569 _d160569 |
||